[Event "14. Sparkassen Open 2015 - Gruppe B"]
[Site "Forchheim"]
[Date "2015.10.03"]
[Round "2.38"]
[White "Mantel, Hubert"]
[Black "Gets, Alexej"]
[Result "1-0"]
[WhiteElo "1800"]
[BlackElo "1660"]
[PlyCount "59"]
[EventDate "2015.??.??"]
[WhiteTeam "Zabo-Eintracht Nürnberg"]
[BlackTeam "SC Noris-Tarrasch Nürnberg"]

1. e4 c5 2. Nc3 e6 3. g3 Nc6 4. Bg2 g6 5. d3 Bg7 6. Be3 Nge7 7. Qd2 h5 8. Bxc5
d6 9. Be3 Bd7 10. Nf3 a6 11. O-O Qc7 12. Rab1 O-O-O 13. Na4 Rdf8 14. Bb6 Qb8
15. d4 d5 16. e5 Nxe5 17. Nxe5 Bxa4 18. Qb4 Bxe5 19. dxe5 Bb5 20. Qxe7 Bxf1 21.
Kxf1 Qxe5 22. f4 Qb8 23. c4 Re8 24. Qc5+ Kd7 25. cxd5 e5 26. f5 g5 27. f6 g4
28. Be4 Reg8 29. Bf5+ Ke8 30. Qe7# 1-0

[Event "14. Sparkassen Open 2015 - Gruppe B"]
[Site "Forchheim"]
[Date "2015.10.03"]
[Round "2.39"]
[White "Bauer, Peter"]
[Black "Lehmann, Tornalf"]
[Result "1/2-1/2"]
[WhiteElo "1656"]
[BlackElo "1671"]
[PlyCount "78"]
[EventDate "2015.??.??"]
[WhiteTeam "SGem Fürth"]
[BlackTeam "SC Heilsbronn"]

1. d4 Nf6 2. Nf3 e6 3. c4 c5 4. e3 d5 5. Nc3 cxd4 6. exd4 Nc6 7. cxd5 Nxd5 8.
Nxd5 Qxd5 9. a3 Be7 10. Be2 O-O 11. O-O a6 12. Be3 b5 13. Ne5 Nxe5 14. dxe5
Qxe5 15. Bf3 Rb8 16. Ba7 Bb7 17. Bxb8 Qxb8 18. Bxb7 Qxb7 19. Qe2 Bf6 20. Rfd1
g6 21. Rd3 Rc8 22. Rad1 Qc7 23. Rd7 Qc5 24. Qf3 Qc6 25. Qb3 Qe4 26. R7d3 Qe2
27. R3d2 Qe4 28. Qe3 Qc6 29. h3 Kg7 30. Qa7 Rc7 31. Qe3 a5 32. Qd3 b4 33. axb4
axb4 34. Qb3 Qc5 35. Ra1 h6 36. Qe3 Qc4 37. Rb1 Kh7 38. Qd3 Qc5 39. Qd6 Qc4
1/2-1/2

[Event "14. Sparkassen Open 2015 - Gruppe B"]
[Site "Forchheim"]
[Date "2015.10.03"]
[Round "2.40"]
[White "Maillinger, Michael"]
[Black "Albayrak, Aylin"]
[Result "0-1"]
[WhiteElo "1504"]
[BlackElo "1654"]
[PlyCount "84"]
[EventDate "2015.??.??"]
[WhiteTeam "PSV Dorfen"]
[BlackTeam "Zabo-Eintracht Nürnberg"]

1. d4 Nf6 2. Nf3 g6 3. g3 Bg7 4. Bg2 O-O 5. O-O d5 6. Re1 Nbd7 7. Nbd2 c6 8. e3
Ne8 9. c4 e5 10. cxd5 cxd5 11. dxe5 Nxe5 12. Nxe5 Bxe5 13. Nb3 Be6 14. Nc5 Qc7
15. Nxe6 fxe6 16. Qb3 Nd6 17. f4 Bf6 18. e4 dxe4 19. Bxe4 Nxe4 20. Rxe4 Rae8
21. Bd2 b6 22. Bb4 Qb7 23. Rae1 Rf7 24. Rxe6 Bd4+ 25. Kf1 Qh1+ 26. Ke2 Rxe6+
27. Qxe6 Qxh2+ 28. Kd1 Qh5+ 29. g4 Qb5 30. Qb3 a5 31. Bd2 Qxb3+ 32. axb3 Bxb2
33. Re6 Bd4 34. Ke2 Rd7 35. Be3 Kf7 36. Re4 Bxe3 37. Rxe3 Re7 38. Rxe7+ Kxe7
39. g5 Ke6 40. Ke3 Kf5 41. Kf3 b5 42. Ke3 a4 0-1

[Event "14. Sparkassen Open 2015 - Gruppe B"]
[Site "Forchheim"]
[Date "2015.10.03"]
[Round "2.41"]
[White "Baumgärtner, Jens"]
[Black "Kirchner, Markus"]
[Result "0-1"]
[WhiteElo "1579"]
[BlackElo "1633"]
[PlyCount "70"]
[EventDate "2015.??.??"]
[WhiteTeam "SF Forst"]
[BlackTeam "SF Schöneck"]

1. b3 e6 2. Bb2 d5 3. f4 Nf6 4. Nf3 Bd6 5. e3 c5 6. Ne5 Ne4 7. Bb5+ Bd7 8.
Bxd7+ Nxd7 9. O-O O-O 10. d3 Nef6 11. Nxd7 Nxd7 12. Qg4 Nf6 13. Qe2 Be7 14. Nd2
Rc8 15. c4 d4 16. exd4 cxd4 17. Nf3 Bc5 18. Qf2 Ng4 19. Qe2 Ne3 20. Rfe1 Nf5
21. g4 Ne7 22. Qf2 Nc6 23. Re4 Nb4 24. Qd2 Qb6 25. a3 Nc6 26. b4 Be7 27. c5 Qc7
28. Nxd4 Rfd8 29. Nxc6 Qxc6 30. Rd4 Rxd4 31. Bxd4 Qf3 32. Rd1 Qxg4+ 33. Qg2
Qxd1+ 34. Kf2 Qd2+ 35. Kg1 Qxg2+ 0-1

[Event "14. Sparkassen Open 2015 - Gruppe B"]
[Site "Forchheim"]
[Date "2015.10.03"]
[Round "2.42"]
[White "Reichel, Günther"]
[Black "Gajewski, Richard"]
[Result "1-0"]
[WhiteElo "1729"]
[BlackElo "1718"]
[PlyCount "49"]
[EventDate "2015.??.??"]
[WhiteTeam "SC-SF Stockstadt"]
[BlackTeam "Wolframs-Eschenbach"]

1. c4 e6 2. Nf3 c6 3. g3 f5 4. Bg2 Nf6 5. O-O d5 6. b3 Bc5 7. d4 Bd6 8. Nc3 O-O
9. Bg5 Be7 10. Bxf6 Bxf6 11. Ne5 Qa5 12. Qc2 c5 13. e3 Bxe5 14. dxe5 Nc6 15.
cxd5 Nxe5 16. dxe6 Qd8 17. Rad1 Qe8 18. Nd5 Bxe6 19. Nc7 Qh5 20. Nxe6 g5 21.
Qxc5 Ng4 22. h3 Rac8 23. Qe7 Qg6 24. Nxf8 Rxf8 25. Rd8 1-0

[Event "14. Sparkassen Open 2015 - Gruppe B"]
[Site "Forchheim"]
[Date "2015.10.03"]
[Round "2.43"]
[White "Schulz, Horst"]
[Black "Schütz, Robert"]
[Result "1-0"]
[WhiteElo "1717"]
[BlackElo "1727"]
[PlyCount "103"]
[EventDate "2015.??.??"]
[WhiteTeam "SC Höchstadt/Aisch"]
[BlackTeam "SC Forchheim"]

1. d4 d5 2. e3 Nf6 3. f4 e6 4. Bd3 c5 5. c3 Nc6 6. Nf3 Be7 7. O-O b6 8. Ne5
Nxe5 9. fxe5 Ne4 10. Nd2 Bb7 11. Qf3 f5 12. exf6 Nxf6 13. Bb5+ Kf7 14. Qh3 Qd6
15. Nf3 Kg8 16. Ne5 Rf8 17. Bd2 a6 18. Ba4 b5 19. Bc2 Bc6 20. a3 Be8 21. Rae1
h5 22. Bg6 Rh6 23. Bxe8 Rxe8 24. e4 Rh7 25. exd5 Qxd5 26. Nf3 Ne4 27. Re2 Nxd2
28. Rxd2 cxd4 29. Nxd4 Bc5 30. Kh1 g6 31. Rfd1 Qg5 32. Nf3 Qf6 33. Qg3 Rhe7 34.
Ne5 Bb6 35. Qxg6+ Qxg6 36. Nxg6 Rg7 37. Nh4 Be3 38. Re2 Bg5 39. Nf5 Rg6 40. Ng3
h4 41. Ne4 Bh6 42. Rf1 Kg7 43. h3 e5 44. Rd1 Bf4 45. Nd6 Ree6 46. Nf5+ Kf6 47.
Nxh4 Rh6 48. Nf3 e4 49. Nh2 Kf5 50. Rd5+ Re5 51. Rxe5+ Kxe5 52. Ng4+ 1-0

[Event "14. Sparkassen Open 2015 - Gruppe B"]
[Site "Forchheim"]
[Date "2015.10.03"]
[Round "2.44"]
[White "von Kortzfleisch, Ruben"]
[Black "Weidenhöfer, Robert"]
[Result "1-0"]
[WhiteElo "1349"]
[BlackElo "1724"]
[PlyCount "43"]
[EventDate "2015.??.??"]
[WhiteTeam "SF Bad Mergentheim"]
[BlackTeam "SW Nürnberg Süd"]

1. e4 b6 2. d4 Bb7 3. Nc3 e6 4. Bd3 Bb4 5. Bd2 c5 6. Nf3 Nf6 7. Qe2 d5 8. e5
Bxc3 9. Bxc3 Ne4 10. Bd2 O-O 11. c3 f5 12. Bf4 Nc6 13. O-O h6 14. h4 Ne7 15. g3
Ng6 16. Kg2 Rf7 17. Rh1 Nxf4+ 18. gxf4 g5 19. hxg5 hxg5 20. Bxe4 g4 21. Ng5
dxe4 22. Rh8+ 1-0

[Event "14. Sparkassen Open 2015 - Gruppe B"]
[Site "Forchheim"]
[Date "2015.10.03"]
[Round "2.45"]
[White "Seifert, Heinz"]
[Black "Weineck, Ekkehard"]
[Result "1-0"]
[WhiteElo "1598"]
[BlackElo "1639"]
[PlyCount "122"]
[EventDate "2015.??.??"]
[WhiteTeam "SV Lauf"]
[BlackTeam "SV Würzburg"]

1. e4 c5 2. Nc3 e6 3. g3 d5 4. e5 Nc6 5. f4 Nge7 6. Nf3 Nf5 7. Bg2 c4 8. d3
cxd3 9. cxd3 Bc5 10. Ne2 Qb6 11. d4 Bb4+ 12. Kf1 O-O 13. a3 Be7 14. Qd3 f6 15.
Rb1 Na5 16. Kf2 Bd7 17. b4 Nc4 18. g4 Nh6 19. Kg3 f5 20. g5 Nf7 21. Nh4 g6 22.
Nf3 Rac8 23. h4 Bb5 24. Qd1 Qa6 25. Nc3 Bd7 26. Rb3 Kg7 27. h5 Ba4 28. Nxa4
Qxa4 29. Nh4 Nb6 30. Qf3 Qe8 31. hxg6 hxg6 32. Nxg6 Nxg5 33. fxg5 Qxg6 34. Rh6
Qf7 35. g6 f4+ 36. Qxf4 Qxf4+ 37. Bxf4 Rxf4 38. Rh7+ Kxg6 39. Rxe7 Rxd4 40. Rf3
Rg8 41. Rxe6+ Kh5+ 42. Kh2 Rh4+ 43. Rh3 Rxh3+ 44. Kxh3 Rg7 45. Re8 Kg5 46. Kg3
d4 47. Kf3 Kf5 48. Bh3+ Kg6 49. Ke4 Kf7 50. Rd8 Ke7 51. Rxd4 Rg3 52. Rd3 Rxd3
53. Kxd3 Nd5 54. Kd4 Nc7 55. Bc8 b6 56. a4 a5 57. bxa5 bxa5 58. Kc5 Kd8 59. Bh3
Ke7 60. Kb6 Nd5+ 61. Kxa5 Nf4 1-0

[Event "14. Sparkassen Open 2015 - Gruppe B"]
[Site "Forchheim"]
[Date "2015.10.03"]
[Round "3.1"]
[White "Askri, Samir"]
[Black "Diller, Daniel"]
[Result "1/2-1/2"]
[WhiteElo "1859"]
[BlackElo "1895"]
[PlyCount "33"]
[EventDate "2015.??.??"]
[WhiteTeam "SG Siemens Amberg"]
[BlackTeam "SC Erlangen"]

1. d4 d5 2. Nf3 Nf6 3. c4 dxc4 4. g3 g6 5. Bg2 Bg7 6. O-O O-O 7. Ne5 c6 8. Nc3
Be6 9. a4 Nbd7 10. f4 Nxe5 11. fxe5 Nd5 12. e4 Nb4 13. Bf4 Nd3 14. Ne2 Bg4 15.
Bf3 Bh3 16. Bg2 Bg4 17. Bf3 1/2-1/2

[Event "14. Sparkassen Open 2015 - Gruppe B"]
[Site "Forchheim"]
[Date "2015.10.03"]
[Round "3.2"]
[White "Brückner, Alexander"]
[Black "Beck, Karl"]
[Result "1/2-1/2"]
[WhiteElo "1793"]
[BlackElo "1943"]
[PlyCount "115"]
[EventDate "2015.??.??"]
[WhiteTeam "SF Augsburg"]
[BlackTeam "SC Markt Berolzheim"]

1. e4 c5 2. Nc3 Nc6 3. g3 d6 4. Bg2 Nf6 5. f4 g6 6. Nf3 Bg7 7. d3 O-O 8. O-O
Bd7 9. Rb1 Rb8 10. Be3 b5 11. h3 b4 12. Ne2 Qa5 13. Qc1 Rfc8 14. Bd2 c4 15. Ne1
cxd3 16. Nxd3 Qxa2 17. Ra1 Qc4 18. b3 Qb5 19. g4 Ne8 20. Ra2 a5 21. f5 Nd4 22.
Nxd4 Bxd4+ 23. Kh1 Bc6 24. Qd1 Nf6 25. Qe2 Qb7 26. Rd1 Ra8 27. Bf3 Nd7 28. fxg6
hxg6 29. h4 Ne5 30. h5 Bb5 31. Kg2 Ra6 32. Be3 Qa7 33. Bxd4 Qxd4 34. Qd2 Rac6
35. hxg6 Nxg6 36. Rh1 Bxd3 37. cxd3 Qxd3 38. Qxd3 Nf4+ 39. Kg3 Nxd3 40. Rxa5
Ne5 41. Bd1 Rc3+ 42. Kf2 R3c5 43. Ra7 R5c7 44. Ra5 Kg7 45. Rb5 Ra8 46. Re1 Ra2+
47. Kf1 Rc3 48. Rd5 Rg3 49. Re2 Rxe2 50. Kxe2 Rxg4 51. Rd4 f5 52. Rxb4 Rxe4+
53. Rxe4 fxe4 54. Ke3 d5 55. Kd4 Nd7 56. Kxd5 Kf6 57. Kxe4 Nc5+ 58. Kd5 1/2-1/2

[Event "14. Sparkassen Open 2015 - Gruppe B"]
[Site "Forchheim"]
[Date "2015.10.03"]
[Round "3.3"]
[White "Deml, Tilo"]
[Black "Paeslack, Luis"]
[Result "1-0"]
[WhiteElo "1890"]
[BlackElo "1733"]
[PlyCount "67"]
[EventDate "2015.??.??"]
[WhiteTeam "1.FC Marktleuthen"]
[BlackTeam "SK Mainaschaff"]

1. c4 Nf6 2. g3 e5 3. Bg2 Nc6 4. Nc3 d6 5. d3 Be7 6. e4 O-O 7. Nge2 Be6 8. h3
h6 9. Be3 Nh7 10. Nd5 Qd7 11. f4 f5 12. exf5 Bxf5 13. Nxe7+ Qxe7 14. O-O Rae8
15. Nc3 exf4 16. Bxf4 Qf6 17. Nb5 a6 18. Nxc7 Qd4+ 19. Kh1 Rc8 20. Bd5+ Kh8 21.
Bxd6 Rf6 22. Rxf5 Rxf5 23. Ne6 Qf6 24. Bf4 Nf8 25. Nc5 Ng6 26. Ne4 Qf8 27. Bd6
Qe8 28. Qg4 Rxd5 29. cxd5 Nce5 30. Bxe5 Nxe5 31. Qf5 Rd8 32. Nc3 b5 33. Re1 Qg8
34. Qxe5 1-0

[Event "14. Sparkassen Open 2015 - Gruppe B"]
[Site "Forchheim"]
[Date "2015.10.03"]
[Round "3.4"]
[White "Wagner, Robert"]
[Black "Mooser, Nicolas"]
[Result "1-0"]
[WhiteElo "1868"]
[BlackElo "1674"]
[PlyCount "63"]
[EventDate "2015.??.??"]
[WhiteTeam "SC Forchheim"]
[BlackTeam "PSV Dorfen"]

1. d4 d5 2. c4 e6 3. Nc3 c6 4. e3 Nf6 5. Bd3 Be7 6. Nge2 O-O 7. O-O Nbd7 8. b3
b6 9. Bb2 Bb7 10. cxd5 cxd5 11. Ng3 Rc8 12. Qe2 Bb4 13. Rfc1 Qe7 14. a3 Bxc3
15. Bxc3 Rfd8 16. Bb4 Qe8 17. a4 a5 18. Ba3 Nb8 19. Bb5 Bc6 20. Bd3 Rd7 21. Rc2
Qd8 22. Rac1 Rdc7 23. Nh5 Nxh5 24. Qxh5 h6 25. Qe5 Nd7 26. Qd6 Nb8 27. Qxd8+
Rxd8 28. Bb5 Rdc8 29. Bd6 Rd7 30. Bxb8 Rxb8 31. Rxc6 Rdd8 32. Ba6 1-0

[Event "14. Sparkassen Open 2015 - Gruppe B"]
[Site "Forchheim"]
[Date "2015.10.03"]
[Round "3.5"]
[White "Meier, Manfred"]
[Black "Adelhütte, Dennis"]
[Result "0-1"]
[WhiteElo "1800"]
[BlackElo "1962"]
[PlyCount "56"]
[EventDate "2015.??.??"]
[WhiteTeam "SV Neustadt/Aisch"]
[BlackTeam "SC  JÄKLECHEMIE"]

1. e4 e6 2. d4 d5 3. Nc3 Nf6 4. Bg5 Be7 5. e5 Nfd7 6. Bxe7 Qxe7 7. f4 a6 8. Nf3
c5 9. Qd2 Nc6 10. O-O-O b5 11. h4 c4 12. Rh3 Nb6 13. a3 Rb8 14. Ng1 b4 15. axb4
Qxb4 16. Na2 Qe7 17. Ra3 Qxh4 18. Nf3 Qe7 19. g4 Qb7 20. Qc3 Na7 21. Qb4 Nb5
22. Re3 Bd7 23. Nc3 Nxc3 24. Rxc3 a5 25. Qxa5 Na4 26. Re3 Ra8 27. Qe1 Qxb2+ 28.
Kd2 c3+ 0-1

[Event "14. Sparkassen Open 2015 - Gruppe B"]
[Site "Forchheim"]
[Date "2015.10.03"]
[Round "3.6"]
[White "Gebhardt, Christian"]
[Black "Roth, Jakob"]
[Result "1-0"]
[WhiteElo "1897"]
[BlackElo "1770"]
[PlyCount "61"]
[EventDate "2015.??.??"]
[WhiteTeam "SV Seubelsdorf"]
[BlackTeam "Spvgg Stetten"]

1. e4 c6 2. Nf3 d5 3. Nc3 dxe4 4. Nxe4 Bf5 5. Ng3 Bg6 6. h4 h6 7. Ne5 Bh7 8.
Qh5 g6 9. Qf3 Nf6 10. Qb3 Qd5 11. Qxb7 Qxe5+ 12. Be2 Qd6 13. Qxa8 Qc7 14. Ba6
Bg7 15. Qb7 Qe5+ 16. Be2 O-O 17. c3 Nd5 18. d4 Qd6 19. Ne4 Qe6 20. Nc5 Qd6 21.
O-O e5 22. Nb3 e4 23. c4 Ne7 24. g3 Nd7 25. Bf4 Qe6 26. Rad1 Nb6 27. Nc5 Qh3
28. Qxe7 Nc8 29. Qd7 Qxd7 30. Nxd7 Rd8 31. Ne5 1-0

[Event "14. Sparkassen Open 2015 - Gruppe B"]
[Site "Forchheim"]
[Date "2015.10.03"]
[Round "3.7"]
[White "Diebel, Günter"]
[Black "Faralisz, Patrick"]
[Result "0-1"]
[WhiteElo "1802"]
[BlackElo "1641"]
[PlyCount "136"]
[EventDate "2015.??.??"]
[WhiteTeam "SW Nürnberg Süd"]
[BlackTeam "SC Noris-Tarrasch Nürnberg"]

1. e4 c5 2. Nf3 Nc6 3. Nc3 g6 4. b3 Bg7 5. Bb2 d6 6. Bc4 e6 7. O-O Nge7 8. Na4
O-O 9. Bxg7 Kxg7 10. d4 b6 11. d5 Na5 12. Nb2 Nxc4 13. Nxc4 e5 14. Ne3 f5 15.
exf5 gxf5 16. h3 Ng6 17. Nh2 Kh8 18. Kh1 Qe7 19. Nc4 Rg8 20. g3 Bb7 21. Ne3
Raf8 22. c4 Rg7 23. h4 f4 24. Ng2 Qd7 25. h5 Ne7 26. g4 f3 27. Ne3 e4 28. Qc2
Rf4 29. Rg1 Ng8 30. Nf5 Bc8 31. Nxg7 Qxg7 32. Qc1 Qe5 33. Rb1 Nf6 34. g5 Rh4
35. Rg3 Nxh5 36. Qb2 Qxb2 37. Rxb2 Nxg3+ 38. fxg3 Rh3 39. b4 Rxg3 40. bxc5 dxc5
41. Nf1 Rxg5 42. Ne3 Kg7 43. a4 h5 44. Rd2 Kf7 45. Rh2 Bd7 46. Rh4 Bf5 47. Rf4
Kg6 48. d6 Bd7 49. Nd5 Bxa4 50. Nc3 Bc6 51. Nxe4 Bxe4 52. d7 f2+ 53. Kh2 f1=Q
54. Rxf1 Rg2+ 55. Kh3 Rd2 56. Re1 Bf5+ 57. Kg3 Bxd7 58. Ra1 a5 59. Rb1 Rc2 60.
Rxb6+ Kg5 61. Rd6 Rc3+ 62. Kf2 Bf5 63. Ra6 Rxc4 64. Rxa5 Rc3 65. Ra8 h4 66.
Rg8+ Kf4 67. Rh8 Rc2+ 68. Kg1 Kg3 0-1

[Event "14. Sparkassen Open 2015 - Gruppe B"]
[Site "Forchheim"]
[Date "2015.10.03"]
[Round "3.8"]
[White "Pikal, Alexander"]
[Black "Scheuerer, Werner"]
[Result "1/2-1/2"]
[WhiteElo "1966"]
[BlackElo "1865"]
[PlyCount "98"]
[EventDate "2015.??.??"]
[WhiteTeam "SC Ansbach"]
[BlackTeam "SC Garching"]

1. f4 Nc6 2. Nf3 g6 3. d4 d5 4. e3 Bf5 5. a3 a6 6. Nc3 Nf6 7. Bd3 Qd7 8. O-O
Ne4 9. Ne2 b5 10. Ne5 Nxe5 11. fxe5 c5 12. c3 c4 13. Bc2 Bg7 14. Nf4 O-O 15.
Bd2 Ng5 16. Bxf5 gxf5 17. Qh5 Ne4 18. Be1 e6 19. Rf3 f6 20. Rh3 Ng5 21. Rg3 Ne4
22. Rh3 Ng5 23. Rh4 Qf7 24. exf6 Bxf6 25. Qxf7+ Rxf7 26. Rh5 Rg7 27. Kf1 Re7
28. a4 bxa4 29. h4 Ne4 30. Rxa4 Bg7 31. Rb4 h6 32. Rb6 Kf7 33. Ke2 Nf6 34. Kf3
Nxh5 35. Nxh5 a5 36. Bg3 Raa7 37. Nf4 Rab7 38. Ra6 Rxb2 39. Rxa5 Rb3 40. Ne2
Reb7 41. h5 Kf6 42. Ra6 R3b6 43. Bh4+ Kf7 44. Ra8 e5 45. dxe5 Bxe5 46. Rd8 Rb5
47. Rc8 Bf6 48. Bg3 Rb3 49. Bd6 Be7 1/2-1/2

[Event "14. Sparkassen Open 2015 - Gruppe B"]
[Site "Forchheim"]
[Date "2015.10.03"]
[Round "3.9"]
[White "Ammon, Fabian"]
[Black "von der Linden, Armin"]
[Result "0-1"]
[WhiteElo "1692"]
[BlackElo "1985"]
[PlyCount "39"]
[EventDate "2015.??.??"]
[WhiteTeam "SV Altensittenbach"]
[BlackTeam "SF Zeiler Turm"]

1. e4 c5 2. Nc3 d6 3. f4 Nc6 4. Nf3 Qc7 5. Bc4 e6 6. O-O Be7 7. d3 Nf6 8. Qe1
a6 9. f5 exf5 10. Ng5 O-O 11. exf5 Nd4 12. Bb3 Bxf5 13. Rxf5 Nxf5 14. Nxf7 Nd4
15. Nh6+ Kh8 16. Nd5 Nxd5 17. Bxd5 Nxc2 18. Qe6 Rf6 19. Bg5 Rxe6 20. Bxe6 0-1

[Event "14. Sparkassen Open 2015 - Gruppe B"]
[Site "Forchheim"]
[Date "2015.10.03"]
[Round "3.10"]
[White "Albayrak, Aylin"]
[Black "Reuter, Roland"]
[Result "0-1"]
[WhiteElo "1654"]
[BlackElo "2000"]
[PlyCount "66"]
[EventDate "2015.??.??"]
[WhiteTeam "Zabo-Eintracht Nürnberg"]
[BlackTeam "SK Schwabach"]

1. d4 Nf6 2. c4 g6 3. Nc3 Bg7 4. e4 d6 5. Nf3 O-O 6. Bd3 c5 7. d5 Bg4 8. h3
Bxf3 9. Qxf3 Nbd7 10. Bf4 Qb6 11. Rb1 a6 12. O-O Nh5 13. Bg5 Ne5 14. Qe3 f6 15.
Bh4 g5 16. Bg3 Nf4 17. Bxf4 gxf4 18. Qe2 Rf7 19. Bc2 Kh8 20. b3 Rg8 21. Qh5 Bf8
22. Ne2 Rg5 23. Qxf7 Nxf7 24. Nxf4 Bh6 25. Ne6 Rg8 26. f4 Qa5 27. e5 Qc3 28.
Rf2 dxe5 29. Nxc5 Bxf4 30. Kf1 Ng5 31. Bf5 Qd4 32. Ne6 Nxe6 33. Bxe6 Qd3+ 0-1

[Event "14. Sparkassen Open 2015 - Gruppe B"]
[Site "Forchheim"]
[Date "2015.10.03"]
[Round "3.11"]
[White "Meth, Matthias"]
[Black "Wabra, Robert"]
[Result "0-1"]
[WhiteElo "1813"]
[BlackElo "1991"]
[PlyCount "70"]
[EventDate "2015.??.??"]
[WhiteTeam "SC Tannhausen"]
[BlackTeam "SF Gerresheim"]

1. d4 Nf6 2. c4 d5 3. Nc3 c6 4. Bg5 Nbd7 5. Nf3 h6 6. Bxf6 Nxf6 7. e3 e6 8. Bd3
Bd6 9. O-O b6 10. a3 O-O 11. Rc1 Re8 12. e4 dxe4 13. Bxe4 Bb7 14. b4 Bf4 15.
Rc2 Nxe4 16. Nxe4 c5 17. Re1 cxd4 18. Qd3 f5 19. Ng3 Bxg3 20. hxg3 Bxf3 21.
gxf3 Qf6 22. c5 e5 23. b5 bxc5 24. Rxc5 Re7 25. Rc6 Qf7 26. a4 Rae8 27. a5 Qd5
28. Rcc1 e4 29. fxe4 fxe4 30. Qd1 d3 31. Qd2 Qxb5 32. Re3 Re5 33. Ra1 Qd5 34.
a6 Qc4 35. Ra2 R8e6 0-1

[Event "14. Sparkassen Open 2015 - Gruppe B"]
[Site "Forchheim"]
[Date "2015.10.03"]
[Round "3.12"]
[White "Huber, Lukas"]
[Black "Morschel, Steffen"]
[Result "1/2-1/2"]
[WhiteElo "1894"]
[BlackElo "1686"]
[PlyCount "51"]
[EventDate "2015.??.??"]
[WhiteTeam "SC Tannhausen"]
[BlackTeam "SK Sülz-Klettenberg"]

1. e4 d5 2. exd5 Qxd5 3. Nc3 Qa5 4. d4 c6 5. Bc4 Bf5 6. Nf3 e6 7. O-O Nf6 8.
Qe2 Be7 9. h3 O-O 10. Nh4 Re8 11. Nxf5 Qxf5 12. Bd3 Qh5 13. Qe3 Nbd7 14. Ne2 e5
15. Ng3 exd4 16. Nxh5 dxe3 17. Nxf6+ Nxf6 18. Bxe3 Nd5 19. Bd2 Bd6 20. Rfe1 Bf4
21. Bxf4 Nxf4 22. Re3 Rxe3 23. fxe3 Nd5 24. Kf2 Re8 25. Rd1 Kf8 26. e4 1/2-1/2

[Event "14. Sparkassen Open 2015 - Gruppe B"]
[Site "Forchheim"]
[Date "2015.10.03"]
[Round "3.13"]
[White "Krastev, Alexander"]
[Black "Meyer, Nico"]
[Result "1-0"]
[WhiteElo "1858"]
[BlackElo "1437"]
[PlyCount "65"]
[EventDate "2015.??.??"]
[WhiteTeam "Biebertaler SF"]
[BlackTeam "SC Bechhofen"]

1. e4 e5 2. Nf3 Nc6 3. Bc4 Bc5 4. c3 d6 5. d4 exd4 6. cxd4 Bb4+ 7. Kf1 a6 8. d5
b5 9. dxc6 bxc4 10. Qd4 Qf6 11. Qxc4 Bc5 12. Nc3 Ne7 13. Bg5 Be6 14. Qe2 Qg6
15. Nd5 Bxd5 16. exd5 f6 17. Be3 Bxe3 18. Qxe3 Qf7 19. Re1 Kf8 20. Nd4 Nxd5 21.
Ne6+ Kg8 22. Qb3 Nb6 23. h4 d5 24. Rh3 Re8 25. Rhe3 Nc4 26. R3e2 h6 27. Qd1 Ne5
28. Nc5 Kh7 29. Qc2+ g6 30. h5 Ra8 31. f4 Rhf8 32. fxe5 fxe5+ 33. Rf2 1-0

[Event "14. Sparkassen Open 2015 - Gruppe B"]
[Site "Forchheim"]
[Date "2015.10.03"]
[Round "3.14"]
[White "Semenova, Alisa"]
[Black "Pohl, Steffen"]
[Result "1/2-1/2"]
[WhiteElo "1646"]
[BlackElo "1876"]
[PlyCount "65"]
[EventDate "2015.??.??"]
[WhiteTeam "SC Noris-Tarrasch Nürnberg"]
[BlackTeam "SK Schwanstetten"]

1. e4 Nc6 2. Nc3 e6 3. d4 Bb4 4. Nge2 Nf6 5. Bg5 h6 6. Bxf6 Qxf6 7. e5 Qh4 8.
Qd3 f5 9. g3 Qh5 10. Nf4 Qf7 11. Be2 g6 12. O-O-O a6 13. Qe3 b6 14. Bf3 Bb7 15.
d5 Bc5 16. Qd2 Na5 17. Qe2 O-O-O 18. a3 g5 19. Bh5 Qg8 20. Ng6 exd5 21. Nxh8
Qxh8 22. Bf3 Nc4 23. Bxd5 Nxe5 24. Bxb7+ Kxb7 25. Rd5 Nc6 26. Na4 Bxa3 27. Qf3
Bd6 28. Rxf5 Qd4 29. Nc3 Ka7 30. Rd1 Qg7 31. Rfd5 Nb4 32. Rf5 Qg6 33. Rd2
1/2-1/2

[Event "14. Sparkassen Open 2015 - Gruppe B"]
[Site "Forchheim"]
[Date "2015.10.03"]
[Round "3.15"]
[White "Balhar, Michael"]
[Black "Braun, Kristin"]
[Result "0-1"]
[WhiteElo "1794"]
[BlackElo "1735"]
[PlyCount "72"]
[EventDate "2015.??.??"]
[WhiteTeam "SC Erlangen"]
[BlackTeam "SC Forchheim"]

1. d4 Nf6 2. c4 e5 3. dxe5 Ng4 4. Bf4 Nc6 5. Nf3 Bb4+ 6. Nbd2 Qe7 7. a3 Ngxe5
8. Nxe5 Nxe5 9. e3 Bxd2+ 10. Qxd2 d6 11. Be2 Bf5 12. f3 O-O 13. O-O Rfe8 14. e4
Be6 15. Rac1 Rad8 16. b4 Ng6 17. Bg3 c6 18. Rfd1 d5 19. cxd5 cxd5 20. Rc7 Qf6
21. exd5 Bxd5 22. Bd3 Ne5 23. Bxe5 Qxe5 24. Rc5 Qd4+ 25. Kh1 g6 26. h3 Bb3 27.
Bc2 Qxd2 28. Rxd2 Rxd2 29. Bxb3 Re1+ 30. Kh2 Ree2 31. Kg3 Rxg2+ 32. Kf4 Rd4+
33. Ke5 Rgd2 34. f4 Kg7 35. f5 f6+ 36. Ke6 Re2+ 0-1

[Event "14. Sparkassen Open 2015 - Gruppe B"]
[Site "Forchheim"]
[Date "2015.10.03"]
[Round "3.16"]
[White "Reinhard, Ralf-Peter"]
[Black "Mantel, Hubert"]
[Result "1-0"]
[WhiteElo "1894"]
[BlackElo "1800"]
[PlyCount "89"]
[EventDate "2015.??.??"]
[WhiteTeam "vereinslos"]
[BlackTeam "Zabo-Eintracht Nürnberg"]

1. d4 e6 2. Nf3 d5 3. e3 f5 4. Bd3 Nf6 5. O-O Bd6 6. c4 c6 7. b3 O-O 8. Ba3
Bxa3 9. Nxa3 Ne4 10. Qc2 Nd7 11. Rac1 g5 12. Ne5 g4 13. f3 gxf3 14. gxf3 Nxe5
15. dxe5 Ng5 16. f4 Ne4 17. Bxe4 fxe4 18. Kh1 Kh8 19. Rg1 Bd7 20. Qg2 Qe7 21.
Qg5 Qxg5 22. Rxg5 Be8 23. Rcg1 Bg6 24. h4 Rf5 25. Nc2 Rxg5 26. hxg5 dxc4 27.
bxc4 Rd8 28. Nd4 Bf5 29. c5 Rd5 30. Rc1 Kg7 31. Kg2 Kg6 32. Kf2 Kf7 33. Ke2 Ke7
34. a4 Kd8 35. Nxf5 exf5 36. Rh1 Rd7 37. Rh6 Rf7 38. a5 Kc7 39. Rf6 Rxf6 40.
exf6 Kd7 41. Kd2 a6 42. Kc3 Ke6 43. Kd4 h5 44. gxh6 Kxf6 45. h7 1-0

[Event "14. Sparkassen Open 2015 - Gruppe B"]
[Site "Forchheim"]
[Date "2015.10.03"]
[Round "3.17"]
[White "Hohner, Karl-Heinz"]
[Black "Lais, Thomas"]
[Result "1-0"]
[WhiteElo "1689"]
[BlackElo "1942"]
[PlyCount "69"]
[EventDate "2015.??.??"]
[WhiteTeam "vereinslos"]
[BlackTeam "SW Nürnberg Süd"]

1. e4 c5 2. Nc3 d6 3. Bb5+ Nc6 4. f4 Bd7 5. Nf3 e6 6. d3 Nf6 7. O-O Be7 8. Bxc6
Bxc6 9. Qe1 O-O 10. Kh1 Qc7 11. Qg3 Rfd8 12. e5 Ne8 13. Bd2 Rac8 14. Rae1 b6
15. Nh4 Qb7 16. Rf2 Qd7 17. Ref1 Qb7 18. Nf3 Rc7 19. Ng5 Bf8 20. f5 exf5 21.
Rxf5 Re7 22. Nxf7 Rxf7 23. Rxf7 Qxf7 24. Rxf7 Kxf7 25. Bg5 Rd7 26. Qf4+ Kg8 27.
e6 Rc7 28. Qh4 Nf6 29. Bxf6 gxf6 30. Qxf6 Rg7 31. Ne4 d5 32. Ng3 d4 33. Kg1 Be7
34. Qe5 Bf8 35. Ne4 1-0

[Event "14. Sparkassen Open 2015 - Gruppe B"]
[Site "Forchheim"]
[Date "2015.10.03"]
[Round "3.18"]
[White "Juciute, Einora"]
[Black "Walter, Manfred"]
[Result "1-0"]
[WhiteElo "1897"]
[BlackElo "1757"]
[PlyCount "43"]
[EventDate "2015.??.??"]
[BlackTeam "SV Lauf"]

1. e4 d6 2. d4 Nf6 3. Nc3 e5 4. Nf3 exd4 5. Nxd4 Be7 6. Be2 O-O 7. Be3 c6 8.
O-O Re8 9. f4 Bf8 10. Bf3 Nbd7 11. Nf5 Nb6 12. Ng3 Be6 13. b3 a5 14. f5 Bc8 15.
Qd4 Nbd7 16. Rad1 Ne5 17. Na4 Nfg4 18. Bf4 Nxh2 19. Bxe5 Nxf1 20. Nxf1 b5 21.
Nc3 Rxe5 22. Qxe5 1-0

[Event "14. Sparkassen Open 2015 - Gruppe B"]
[Site "Forchheim"]
[Date "2015.10.03"]
[Round "3.19"]
[White "Lohvinov, Petro"]
[Black "Mantel, Ruben"]
[Result "0-1"]
[WhiteElo "1643"]
[BlackElo "1773"]
[PlyCount "70"]
[EventDate "2015.??.??"]
[WhiteTeam "SK München Südost"]
[BlackTeam "Zabo-Eintracht Nürnberg"]

1. e4 e6 2. d4 d5 3. Nd2 Nf6 4. Bd3 c5 5. c3 cxd4 6. cxd4 dxe4 7. Nxe4 Nc6 8.
Nf3 Bb4+ 9. Nc3 O-O 10. O-O b6 11. Bc2 Bb7 12. Re1 Ne7 13. Ne5 Rc8 14. Qd3 Ng6
15. Nxg6 hxg6 16. Bg5 Bxc3 17. Bxf6 Qd5 18. Qg3 Bxe1 19. Bb3 Qxg2+ 20. Qxg2
Bxg2 21. Be7 Rfe8 22. Rxe1 Rxe7 23. Kxg2 Rd7 24. Rxe6 fxe6 25. Bxe6+ Kf8 26.
Bxd7 Rd8 27. Be6 Rxd4 28. b3 Ke7 29. Bc4 Kd6 30. Kf3 g5 31. h3 Kc5 32. Be6 b5
33. Ke3 a5 34. a3 Rd1 35. a4 Re1+ 0-1